Us cities with most hotel rooms - Statistics

General Stats
  • This quiz has been taken 120 times
  • The average score is 9 of 10
Answer Stats
Hint Answer % Correct
167,730 Las Vegas
97%
98,166 Los Angeles
96%
117,367 New York
96%
111,408 Chicago
95%
121,802 Orlando
88%
51,498 Miami
85%
79,572 Dallas
80%
79,255 Houston
79%
52,119 Boston
77%
107,776 Washington D.C
76%
No matching quizzes found
Score Distribution
Percent of People with Each Score
Percentile by Number Answered
Your Score History
You have not taken this quiz